000 00393nam a22001577a 4500
003 LK-CoDNM
005 20240813105626.0
008 240813b |||||||| |||| 00| 0 eng d
040 _aLK-CoDNM
_dLK-CoDNM
_eLK-CoDNM
080 _a10
_bR14
100 _aLANGDON S.
245 _aEXCAVATIONS AT KISH
260 _aLIBRAIRIE ORIENTALISE
_c1924
300 _aXLVIII, ILL ; 29 CM
942 _cBK
999 _c147328
_d147328